[Event "Ruhrgebiet Verbandsklasse Gruppe 1 1819"]
[Site "Nordrheinwestfalen"]
[Date "2019.03.10"]
[Round "7.3"]
[White "Sondermann, Dirk"]
[Black "Mombeck, Michael"]
[Result "1/2-1/2"]
[WhiteElo "1892"]
[BlackElo "1983"]
[PlyCount "40"]
[EventDate "2018.09.23"]
[EventType "team-tourn"]
[EventRounds "9"]
[EventCountry "GER"]
[SourceTitle "EXT 2022"]
[Source "ChessBase"]
[SourceDate "2021.10.06"]
[SourceVersion "1"]
[SourceVersionDate "2021.10.06"]
[SourceQuality "1"]
[WhiteTeam "Annen Sport Union"]
[BlackTeam "Bergeborbeck Wacker"]
[WhiteTeamCountry "GER"]
[BlackTeamCountry "GER"]

1. d4 Nf6 2. Nf3 g6 3. c4 Bg7 4. Nc3 d6 5. e4 0-0 6. Be2 c6 7. 0-0 Nbd7 8. Re1 e5 9. Bf1 exd4 10. Nxd4 Re8 11. f3 d5 12. exd5 Rxe1 13. Qxe1 cxd5 14. Be3 dxc4 15. Rd1 Qe7 16. Bxc4 Nb6 17. Bb3 Bd7 18. Bf2 Qxe1+ 19. Rxe1 Re8 20. Rxe8+ Nxe8 1/2-1/2

[Event "Ruhrgebiet Verbandsklasse Gruppe 1 1819"]
[Site "Nordrheinwestfalen"]
[Date "2019.02.03"]
[Round "6.3"]
[White "Mombeck, Michael"]
[Black "Markus, Peter"]
[Result "1/2-1/2"]
[WhiteElo "1983"]
[BlackElo "1950"]
[PlyCount "84"]
[EventDate "2018.09.23"]
[EventType "team-tourn"]
[EventRounds "9"]
[EventCountry "GER"]
[SourceTitle "EXT 2022"]
[Source "ChessBase"]
[SourceDate "2021.10.06"]
[SourceVersion "1"]
[SourceVersionDate "2021.10.06"]
[SourceQuality "1"]
[WhiteTeam "Bergeborbeck Wacker"]
[BlackTeam "Guennigfeld SV"]
[WhiteTeamCountry "GER"]
[BlackTeamCountry "GER"]

1. e4 e5 2. Nf3 Nc6 3. Bc4 Bc5 4. Nc3 Nf6 5. d3 d6 6. Bg5 h6 7. Bxf6 Qxf6 8. Nd5 Qd8 9. c3 Ne7 10. Ne3 0-0 11. 0-0 Bxe3 12. fxe3 Ng6 13. Qb3 Qe7 14. Rf2 Kh7 15. Raf1 f6 16. a4 c6 17. d4 Re8 18. Nd2 Rb8 19. Qd1 Be6 20. d5 Bf7 21. Nf3 Rec8 22. Rd2 c5 23. Qe2 a6 24. a5 Be8 25. Ra1 Bd7 26. Bd3 Rf8 27. Rdd1 Rf7 28. Rf1 Rbf8 29. Qc2 Qd8 30. Nd2 Ne7 31. Nc4 Bb5 32. Nd2 Bxd3 33. Qxd3 Qd7 34. Nc4 Nc8 35. Ra3 Qb5 36. Rd1 Kg8 37. Rf1 Rc7 38. b3 Rcf7 39. Qc2 Qd7 40. Raa1 Qg4 41. Rf5 Rd7 42. Raf1 Qg6 1/2-1/2

[Event "Ruhrgebiet Verbandsklasse Gruppe 1 1819"]
[Site "Nordrheinwestfalen"]
[Date "2018.09.23"]
[Round "1.3"]
[White "Mombeck, Michael"]
[Black "Riese, Manfred"]
[Result "1/2-1/2"]
[WhiteElo "1983"]
[BlackElo "1827"]
[PlyCount "63"]
[EventDate "2018.09.23"]
[EventType "team-tourn"]
[EventRounds "9"]
[EventCountry "GER"]
[SourceTitle "EXT 2022"]
[Source "ChessBase"]
[SourceDate "2021.10.06"]
[SourceVersion "1"]
[SourceVersionDate "2021.10.06"]
[SourceQuality "1"]
[WhiteTeam "Bergeborbeck Wacker"]
[BlackTeam "Muelheim SC"]
[WhiteTeamCountry "GER"]
[BlackTeamCountry "GER"]

1. e4 d6 2. Nf3 Bg4 3. d4 Nd7 4. h3 Bxf3 5. Qxf3 c6 6. Bc4 e6 7. 0-0 Ngf6 8. Re1 Qc7 9. Bf4 e5 10. dxe5 dxe5 11. Bg5 Bc5 12. c3 b5 13. Bf1 a5 14. a4 Rb8 15. axb5 cxb5 16. Na3 Bxa3 17. Rxa3 b4 18. cxb4 axb4 19. Raa1 0-0 20. Rac1 Qb7 21. b3 h6 22. Bh4 Rbc8 23. Rc4 Rxc4 24. Bxc4 Qb6 25. Rd1 Nc5 26. Bxf6 Qxf6 27. Qe3 Qe7 28. Rd5 Rc8 29. Qe1 Rb8 30. Qe3 Rc8 31. f3 Kh7 32. Qd2 1/2-1/2

[Event "Ruhrgebiet VK3 1213"]
[Site "Nordrheinwestfalen"]
[Date "2012.10.28"]
[Round "3.5"]
[White "Heisterkamp, Oliver"]
[Black "Mombeck, Michael"]
[Result "1/2-1/2"]
[WhiteElo "1997"]
[BlackElo "1973"]
[PlyCount "38"]
[EventDate "2012.09.02"]
[EventType "team-tourn"]
[EventRounds "9"]
[EventCountry "GER"]
[SourceTitle "EXT 2020"]
[Source "ChessBase"]
[SourceDate "2019.10.17"]
[SourceVersion "1"]
[SourceVersionDate "2019.10.17"]
[SourceQuality "1"]
[WhiteTeam "Osterfeld Schwarze Dame"]
[BlackTeam "Wacker Bergeborbeck"]
[WhiteTeamCountry "GER"]
[BlackTeamCountry "GER"]

1. Nf3 g6 2. g3 Bg7 3. Bg2 d6 4. c4 Nf6 5. 0-0 0-0 6. Nc3 e5 7. d3 Nc6 8. Rb1 Bg4 9. h3 Bxf3 10. Bxf3 Qd7 11. Bg2 Ne8 12. Qa4 f5 13. Bxc6 bxc6 14. Nd5 Rf7 15. Nb4 Rb8 16. Bd2 c5 17. Qxd7 Rxd7 18. Nc2 c6 19. b3 Bf6 1/2-1/2

[Event "Ruhrgebiet VK3 1213"]
[Site "Nordrheinwestfalen"]
[Date "2012.09.02"]
[Round "1"]
[White "Mombeck, Michael"]
[Black "Verfuerth, Christian"]
[Result "1-0"]
[WhiteElo "1973"]
[BlackElo "1872"]
[PlyCount "73"]
[EventDate "2012.09.02"]
[EventType "team-tourn"]
[EventRounds "9"]
[EventCountry "GER"]
[SourceTitle "EXT 2020"]
[Source "ChessBase"]
[SourceDate "2019.10.17"]
[SourceVersion "1"]
[SourceVersionDate "2019.10.17"]
[SourceQuality "1"]
[WhiteTeam "Wacker Bergeborbeck"]
[BlackTeam "Horst Emscher II"]
[WhiteTeamCountry "GER"]
[BlackTeamCountry "GER"]

1. e4 e6 2. d3 d5 3. Nd2 Nf6 4. g3 dxe4 5. dxe4 Bc5 6. Bg2 e5 7. Ngf3 0-0 8. 0-0 Nbd7 9. Qe2 b6 10. Nc4 Qe7 11. Nh4 g6 12. Rd1 a5 13. Ne3 c6 14. Bh3 Rd8 15. a4 Ba6 16. Qf3 Nf8 17. Bf1 Bxf1 18. Rxf1 Ne6 19. Ng4 Nxg4 20. Qxg4 h5 21. Qe2 Nd4 22. Qd3 g5 23. Nf3 Ne6 24. Qc4 Qf6 25. Kg2 g4 26. Nh4 Rd4 27. Qe2 Ng5 28. Bxg5 Qxg5 29. Rfd1 Rad8 30. Rd3 Rxd3 31. cxd3 Rd4 32. Nf5 Rb4 33. Qc2 Qf6 34. h3 gxh3+ 35. Kxh3 Rd4 36. Rb1 Qe6 37. b3 1-0

[Event "Ruhrgebiet VK3 0708"]
[Site "Germany"]
[Date "2008.04.06"]
[Round "8.4"]
[White "Mombeck, Michael"]
[Black "Hustert, Volker"]
[Result "1-0"]
[WhiteElo "2035"]
[BlackElo "1944"]
[PlyCount "73"]
[EventDate "2007.09.16"]
[EventType "team"]
[EventRounds "9"]
[EventCountry "GER"]
[SourceTitle "EXT 2009"]
[Source "ChessBase"]
[SourceDate "2008.11.26"]
[SourceVersion "1"]
[SourceVersionDate "2008.11.26"]
[SourceQuality "1"]
[WhiteTeam "Bergeborbeck Wacker"]
[BlackTeam "Witten"]
[WhiteTeamCountry "GER"]
[BlackTeamCountry "GER"]

1. e4 c5 2. Nc3 e6 3. g3 Nc6 4. Bg2 Nf6 5. d3 Be7 6. Nf3 d5 7. exd5 Nxd5 8. Bd2 a6 9. 0-0 0-0 10. Rb1 Nxc3 11. Bxc3 Bf6 12. Bxf6 Qxf6 13. Re1 Rd8 14. Nd2 Rb8 15. Qh5 Qe7 16. Ne4 Nd4 17. Qe5 Bd7 18. c3 Nf5 19. Nxc5 Rdc8 20. Nxa6 bxa6 21. Qxf5 Qd6 22. Qh5 Qxd3 23. Be4 g6 24. Qxh7+ Kxh7 25. Bxd3 Rb6 26. c4 Rd6 27. Bf1 Bc6 28. c5 Rd5 29. Bxa6 Ra8 30. Bc4 Rxc5 31. Bb3 Rh5 32. Rbc1 Bf3 33. Rc7 Kg7 34. Bxe6 Rf8 35. Bc4 g5 36. Ree7 Rd8 37. Rxf7+ 1-0

[Event "Ruhrgebiet VK3 0405"]
[Site "Ruhrgebiet"]
[Date "2005.02.20"]
[Round "7.3"]
[White "Mombeck, Michael"]
[Black "Huettemann, Karl Heinz"]
[Result "1-0"]
[WhiteElo "2045"]
[BlackElo "2141"]
[PlyCount "77"]
[EventDate "2004.09.12"]
[EventType "team"]
[EventRounds "9"]
[EventCountry "GER"]
[SourceTitle "EXT 2006"]
[Source "ChessBase"]
[SourceDate "2005.11.24"]
[SourceVersion "1"]
[SourceVersionDate "2005.11.24"]
[SourceQuality "1"]
[WhiteTeam "Wacker Bergeborbeck"]
[BlackTeam "Dortmund 1875"]
[WhiteTeamCountry "GER"]
[BlackTeamCountry "GER"]

1. e4 c5 2. Nc3 Nc6 3. g3 g6 4. Bg2 Bg7 5. d3 d6 6. Be3 Rb8 7. Qd2 b5 8. Nf3 b4 9. Nd1 Nd4 10. 0-0 e5 11. c3 bxc3 12. bxc3 Nxf3+ 13. Bxf3 Qa5 14. Bg2 Ne7 15. Bh6 0-0 16. Bxg7 Kxg7 17. Ne3 Be6 18. f4 exf4 19. Rxf4 Qa3 20. Rf2 f6 21. Raf1 Rf7 22. d4 cxd4 23. cxd4 Qb4 24. Rc1 Qb6 25. d5 Bc8 26. Nc4 Qd8 27. Qf4 Rb6 28. Nxb6 Qxb6 29. Qd2 g5 30. Qb2 Qd8 31. Qb8 Qd7 32. Rc7 Qg4 33. Qxa7 Kf8 34. Bf3 Qh3 35. Be2 Bg4 36. Rxe7 Rxe7 37. Rxf6+ Ke8 38. Bb5+ Rd7 39. Qb8+ 1-0

[Event "Ruhrgebiet VK2 0001"]
[Site "Ruhrgebiet"]
[Date "2001.03.18"]
[Round "7"]
[White "Boehm, Ingo"]
[Black "Mombeck, Michael"]
[Result "1-0"]
[WhiteElo "2032"]
[BlackElo "2061"]
[PlyCount "133"]
[EventDate "2000.09.17"]
[EventType "team-tourn"]
[EventRounds "9"]
[EventCountry "GER"]
[SourceTitle "EXT 2023"]
[Source "ChessBase"]
[SourceDate "2022.10.05"]
[SourceVersion "1"]
[SourceVersionDate "2022.10.05"]
[SourceQuality "1"]
[WhiteTeam "Linden Sued"]
[BlackTeam "Bergeborbeck Wacker"]
[WhiteTeamCountry "GER"]
[BlackTeamCountry "GER"]

1. e4 c5 2. Nf3 d6 3. d4 cxd4 4. Nxd4 Nf6 5. Nc3 g6 6. Be3 Bg7 7. f3 Nc6 8. Qd2 0-0 9. 0-0-0 Be6 10. Nxe6 fxe6 11. h4 Qa5 12. Bc4 Nd8 13. Bd4 Rc8 14. Bb3 Nh5 15. Kb1 Qb4 16. Bxg7 Kxg7 17. Qg5 Rc7 18. Rd2 a6 19. Qe3 Qc5 20. Qe1 Qe5 21. Ne2 Nc6 22. c3 Na5 23. Nd4 Nxb3 24. axb3 b5 25. Rg1 Qf6 26. e5 dxe5 27. Nc2 Rc6 28. g4 Nf4 29. g5 Qf5 30. Ka1 Rd6 31. Ne3 Qh3 32. Ng4 Rxd2 33. Qxe5+ Kf7 34. Qxf4+ Ke8 35. Qxd2 Qxf3 36. Ne5 Qb7 37. Rd1 Qc7 38. Qd7+ Qxd7 39. Nxd7 Rf4 40. Nc5 Rxh4 41. Rg1 a5 42. Nxe6 Kd7 43. Re1 Rg4 44. Re2 Kd6 45. Kb1 Rg3 46. Kc2 Rg4 47. Kd2 Rg3 48. Kc2 Rg4 49. Kd3 Rg3+ 50. Ke4 b4 51. Kd4 Rg4+ 52. Kd3 Rg3+ 53. Kc4 Rg1 54. Kb5 bxc3 55. bxc3 Rg3 56. Kc4 Rg4+ 57. Kd3 Rg3+ 58. Kc2 Rg4 59. Re3 Rg2+ 60. Kd3 Rg4 61. c4 Rg1 62. Kc3 Rc1+ 63. Kb2 Rg1 64. Ka2 Rh1 65. Nf4 Rg1 66. Re6+ Kd7 67. Re5 1-0

[Event "Ruhrgebiet VK2 0001"]
[Site "Ruhrgebiet"]
[Date "2001.01.21"]
[Round "5"]
[White "Mombeck, Michael"]
[Black "Kotter, Michael"]
[Result "0-1"]
[WhiteElo "2061"]
[BlackElo "1967"]
[PlyCount "58"]
[EventDate "2000.09.17"]
[EventType "team-tourn"]
[EventRounds "9"]
[EventCountry "GER"]
[SourceTitle "EXT 2023"]
[Source "ChessBase"]
[SourceDate "2022.10.05"]
[SourceVersion "1"]
[SourceVersionDate "2022.10.05"]
[SourceQuality "1"]
[WhiteTeam "Bergeborbeck Wacker"]
[BlackTeam "Horst Emscher II"]
[WhiteTeamCountry "GER"]
[BlackTeamCountry "GER"]

1. e4 c5 2. Nf3 d6 3. d4 cxd4 4. Nxd4 Nf6 5. Nc3 g6 6. f4 Nfd7 7. Bc4 Nb6 8. Bb3 Bg7 9. Be3 Nc6 10. Qd2 0-0 11. h4 Bg4 12. Nf3 Na5 13. Qd3 Rc8 14. Bd4 e5 15. fxe5 Bxf3 16. Qxf3 dxe5 17. Bf2 Rc6 18. h5 Nxb3 19. axb3 f5 20. hxg6 hxg6 21. Rxa7 fxe4 22. Qh3 Rxf2 23. Qh7+ Kf8 24. Kxf2 Qd2+ 25. Kg3 Qf4+ 26. Kh3 g5 27. g3 g4+ 28. Kg2 Qf3+ 29. Kg1 Rf6 0-1

[Event "Ruhrgebiet VK2 0001"]
[Site "Ruhrgebiet"]
[Date "2000.11.19"]
[Round "3"]
[White "Kreul, Helmut"]
[Black "Mombeck, Michael"]
[Result "1/2-1/2"]
[WhiteElo "2040"]
[BlackElo "2061"]
[PlyCount "51"]
[EventDate "2000.09.17"]
[EventType "team-tourn"]
[EventRounds "9"]
[EventCountry "GER"]
[SourceTitle "EXT 2023"]
[Source "ChessBase"]
[SourceDate "2022.10.05"]
[SourceVersion "1"]
[SourceVersionDate "2022.10.05"]
[SourceQuality "1"]
[WhiteTeam "Bottrop"]
[BlackTeam "Bergeborbeck Wacker"]
[WhiteTeamCountry "GER"]
[BlackTeamCountry "GER"]

1. d4 Nf6 2. Nf3 g6 3. c4 Bg7 4. Nc3 0-0 5. g3 d6 6. Bg2 Nc6 7. 0-0 e5 8. d5 Na5 9. Nd2 b6 10. b4 Nb7 11. Bb2 Ne8 12. e4 f5 13. f3 Nf6 14. Qe2 Qe7 15. Nb3 a5 16. a3 Rf7 17. Bc1 a4 18. Nd2 f4 19. Rf2 h5 20. Nf1 g5 21. Qd3 Bh6 22. h3 Rh7 23. g4 hxg4 24. fxg4 Bxg4 25. hxg4 Nxg4 26. Qh3 1/2-1/2